000 00339nam a2200121Ia 4500
008 190722s9999 xx 000 0 und d
020 _a978-81-203-2302-5
100 _aJulian L. Simon
245 0 _aDeveloping Decision- Making Skills For Business
260 _aNew Delhi
_bPrentice-Hall Of India Pvt. Ltd.
_c2007
300 _a229
942 _cBK
999 _c413
_d413